Vista normal Vista MARC

Entrada Materia (personas)

Número de registros utilizados en: 3

001 - CONTROL NUMBER

  • control field: 96883

003 - CONTROL NUMBER IDENTIFIER

  • control field: Co-BoUCM

005 - DATE AND TIME OF LATEST TRANSACTION

  • control field: 20190606073328.0

008 - FIXED-LENGTH DATA ELEMENTS

  • fixed length control field: 190606|| aca||aabn | a|a d

040 ## - CATALOGING SOURCE

  • Original cataloging agency: Co-BoUCM
  • Transcribing agency: Co-BoUCM

100 ## - HEADING--PERSONAL NAME

  • Personal name: Hernández, Antonio María

670 ## - SOURCE DATA FOUND

  • Source citation: Work cat.: (Co-BoUCM)312903: Hernández, Antonio María, Federalismo, autonomía Municipal y Ciudad de Buenos Aires en la reforma constitucional de 1994, 1997